Luchas costeñas por los derechos territoriales y el control de los emergentes espacios mediáticos de Nicaragua /
Los autores exploran las luchas y demandas de las comunidades costeñas en Nicaragua en relación con los derechos territoriales y el acceso y control de los nuevos espacios mediáticos. Los autores examinan cómo estas comunidades indígenas y afrodescendientes han utilizado los medios de comunicación p...
Saved in:
| Main Author: | |
|---|---|
| Other Authors: | |
| Format: | Book |
| Language: | Spanish |
| Subjects: | |
| Tags: |
Add Tag
No Tags, Be the first to tag this record!
|
MARC
| LEADER | 00000nam a22000007a 4500 | ||
|---|---|---|---|
| 003 | cru IIS | ||
| 005 | 20230822145102.0 | ||
| 007 | ta | ||
| 008 | 220804t2018 cr |||p|r|||| 00| 0 spa d | ||
| 040 | |c cru IIS | ||
| 100 | 1 | |a Cupples, Julie |e Autora |9 10665 | |
| 245 | 1 | |a Luchas costeñas por los derechos territoriales y el control de los emergentes espacios mediáticos de Nicaragua / |c Julie Cupples, Kevin Glynn | |
| 300 | |a páginas 101-123: |b tablas | ||
| 500 | |a Colección Centroamérica | ||
| 520 | |a Los autores exploran las luchas y demandas de las comunidades costeñas en Nicaragua en relación con los derechos territoriales y el acceso y control de los nuevos espacios mediáticos. Los autores examinan cómo estas comunidades indígenas y afrodescendientes han utilizado los medios de comunicación para reivindicar sus derechos y resistir la marginación y la discriminación.RAR 18-01-2023 | ||
| 650 | 7 | |2 OCDE |9 8695 |a ASUNTOS TERRITORIALES | |
| 650 | 0 | |2 OCDE |9 4725 |a INDIGENAS | |
| 650 | 0 | |2 OCDE |9 92 |a AFRODESCENDIENTES | |
| 650 | 0 | |2 UNESCO |9 5208 |a RESISTENCIA POPULAR | |
| 650 | 0 | |2 UNESCO |9 7667 |a LUCHA | |
| 650 | 0 | |2 UNESCO |9 5358 |a DISCRIMINACION | |
| 651 | 0 | |2 OCDE |9 1861 |a NICARAGUA | |
| 700 | 1 | |a Glynn, Kevin |e Autor |9 10666 | |
| 773 | 0 | |0 18765 |9 7627 |a Universidad de Costa Rica. |d San José, Costa Rica: Editorial Universidad de Costa Rica, 1974- |o 23636 |t Anuario de Estudios Centroamericanos / |x 03777316 | |
| 942 | |2 ddc |c PP | ||
| 999 | |c 44472 |d 44472 | ||
| 773 | 0 | |0 18765 |9 7629 |a Universidad de Costa Rica. |d San José, Costa Rica: Editorial Universidad de Costa Rica, 1974- |o 23638 |t Anuario de Estudios Centroamericanos / |x 03777316 | |
